Dos corales a capela / (Record no. 15643)

000 -CABECERA
fixed length control field 00661nam a22002057a 4500
003 - IDENTIFICADOR DEL NÚMERO DE CONTROL
control field AR-CdUCM
008 - DATOS DE LONGITUD FIJA--INFORMACIÓN GENERAL
fixed length control field 190429b ||||| |||| 00| 0 spa d
040 ## - FUENTE DE LA CATALOGACIÓN
Agencia/entidad que catalogó originalmente la obra MUNICIPALIDAD PROVINCIAL DEL CUSCO
Entidad que transcribió la catalogación BIBLIOTECA MUNICIPAL DEL CUSCO
082 ## - NÚMERO DE LA CLASIFICACIÓN DECIMAL DEWEY
No. de Clasificación 781.785 /
Notacion interna S21
100 ## - ENTRADA PRINCIPAL--NOMBRE DE PERSONA
Nombre Personal Sanchez Malaga, Carlos
245 ## - MENCIÓN DE TÍTULO
Título Dos corales a capela /
300 ## - DESCRIPCIÓN FÍSICA
Nº de Páginas Extensión 10 páginas ;
Otros detalles físicos Partituras,
Dimensiones 23 cm.
440 ## - MENCIÓN DE SERIE/PUNTO DE ACCESO ADICIONAL--TÍTULO
Título cuadernos de cocodrilo
9 (RLIN) 32794
505 ## - NOTA DE CONTENIDO CON FORMATO
Nota de contenido formateada Contenido: Marinera -- Pajarillo errante.
650 ## - PUNTO DE ACCESO ADICIONAL DE MATERIA--TÉRMINO DE MATERIA
Descriptor Música peruana
9 (RLIN) 13720
650 ## - PUNTO DE ACCESO ADICIONAL DE MATERIA--TÉRMINO DE MATERIA
Descriptor Marinera
9 (RLIN) 34780
650 ## - PUNTO DE ACCESO ADICIONAL DE MATERIA--TÉRMINO DE MATERIA
Descriptor Canciones del norte
9 (RLIN) 34781
942 ## - ELEMENTOS DE PUNTO DE ACCESO ADICIONAL (KOHA)
Fuente de clasificación
Tipo de item Folletería
945 ## - PROCESAMIENTO DE INFORMACIÓN LOCAL (OCLC)
Catalogador davv
AAAA-MM-DD - Fecha de ingreso o modificacion 29/04/2019
Holdings
Estado de retiro (separado) Fuente de clasificación o esquema de estanterías Estado dañado Ubicación Sala donde se ubica Nombre de la colección Fecha de adquisición o compra Costo, precio normal en soles Signatura topográfica Código de Barras Última vez visto (Koha) Tipo de ítem (Koha)
No     Sala Cusco Antiguo Sala Cusco Antiguo Book Cart 2019-04-29 10.00 781.785 / S21 SCA0003543 2019-04-29 Folletería

Powered by Koha